Normal view
MARC view
- تأليف الحمداني، سالم أحمد ؛ محمد أحمد ربيع
Entry Personal Name
001 - CONTROL NUMBER
- control field: 15660
003 - CONTROL NUMBER IDENTIFIER
- control field: JO-AjAnu
005 - DATE AND TIME OF LATEST TRANSACTION
- control field: 20230606072810.0
008 - FIXED-LENGTH DATA ELEMENTS
- fixed length control field: 230606|| aca||aabn | a|a d
040 ## - CATALOGING SOURCE
- Original cataloging agency: JO-AjAnu
- Transcribing agency: JO-AjAnu
100 ## - HEADING--PERSONAL NAME
- Personal name: تأليف الحمداني، سالم أحمد ؛ محمد أحمد ربيع
670 ## - SOURCE DATA FOUND
- Source citation: Work cat.: (JO-AjAnu)8041: تأليف الحمداني، سالم أحمد ؛ محمد أحمد ربيع, author, دراسات في الأدب العربي الحديث، الجزء الأول